The international expansion of Malaysian construction firms /
محفوظ في:
| المؤلف الرئيسي: | |
|---|---|
| التنسيق: | أطروحة كتاب |
| اللغة: | English |
| منشور في: |
2008.
|
| الموضوعات: | |
| الوصول للمادة أونلاين: | http://dspace.fsktm.um.edu.my/handle/1812/699 |
| الوسوم: |
إضافة وسم
لا توجد وسوم, كن أول من يضع وسما على هذه التسجيلة!
|
| LEADER | 01281cam a2200301 a 4500 | ||
|---|---|---|---|
| 001 | u767416 | ||
| 003 | SIRSI | ||
| 005 | 200903201009 | ||
| 008 | 090320s2008 my t 000 0 eng m | ||
| 040 | |a UMM |d UMK | ||
| 043 | |a a-my--- | ||
| 090 | |a HF1008 |b UM 2008 Jua | ||
| 098 | |a HF1008 |b UM 2008 Jua | ||
| 100 | 1 | |a Juan, Chee Siong. | |
| 245 | 1 | 4 | |a The international expansion of Malaysian construction firms / |c Juan Chee Siong. |
| 260 | |c 2008. | ||
| 300 | |a 90, [3] leaves : |b ill. ; |c 30 cm. | ||
| 502 | |a Dissertation (M.B.A.) -- Jabatan Dasar dan Strategi Perniagaan, Fakulti Perniagaan dan Perakaunan, Universiti Malaya, 2008. | ||
| 504 | |a Bibliography: leaves 82-90. | ||
| 530 | |a Also issued in CD. | ||
| 650 | 0 | |a Construction industry |z Malaysia |x International cooperation. | |
| 650 | 0 | |a International business enterprises |x Economic aspects |z Malaysia. | |
| 710 | 2 | |a Universiti Malaya. |b Jabatan Dasar dan Strategi Perniagaan. | |
| 856 | 4 | 1 | |u http://dspace.fsktm.um.edu.my/handle/1812/699 |
| 900 | |a ZSA-ZA | ||
| 596 | |a 1 19 | ||
| 999 | |a HF1008 UM 2008 JUA |w LC |c 1 |i A513449851 |d 27/9/2011 |e 27/9/2011 |f 27/10/2009 |g 1 |l STACKS |m P01UTAMA |n 1 |r Y |s Y |t TESIS |u 26/10/2009 | ||
| 999 | |a HF1008 UM 2008 JUA |w LC |c 1 |i A513449936 |d 15/6/2010 |f 15/6/2010 |g 1 |l STACKS |m P19KOTA |r Y |s Y |t TESIS |u 12/6/2010 | ||
